Представление документа в формате RUSMARC

ПолеНазваниеЗначение
  Тип записи g
  Библиографический уровень m
001 Контрольный номер f098c37e3276402c8890dca817f1c73d
005 Дата корректировки 20240214121040.1
010 Индекс ISBN __
d Цена 737-10
100 Данные общей обработки __
a Данные общей обработки 19180925d2005||||||| 0v|ry0189 ca
101 Язык документа 0_
a Язык текста rus
102 Страна публикации __
a Страна публикации ru
102 Страна публикации __
a Страна публикации ru
105 Кодированные данные (монография) __
a Кодированные данные (монография) ||||e|||||szy
127 Кодированные данные (звукозаписи-физические характеристики) __
a Продолжительность проигрывания 004000
200 Заглавие и сведения об ответственности 1_
a Заглавие Н. А. Некрасов. Отечества достойный сын
e Сведения, относящиеся к заглавию [документально-биографический фильм]
f Первые сведения об ответственности [автор сценария и режиссер Г. Иванова ; оператор И. Сосенко ; композитор И. Макарова ; продюсер Н. Герасимова, Ф. Фишель]
b Общее обозначение материала Видеозапись
210 Выходные данные 1_
a Место издания Москва
c Издательство Кварт
d Дата издания 2005
215 Физическое описание __
a Объем 1 электрон. опт. диск (DVD-Video)
c Иллюстрации/тип воспроизводства зв., pal, цв.
d Формат 19х14 см
230 Специфическая характеристика материала: электронные ресурсы __
a Обозначение и объем ресурса Электронные видеоданные
300 Общие примечания __
a Общие примечания Заглавие с этикетки диска
330 Аннотация __
a Аннотация Пережив век 19-й и век 20-ы, поэзия Николая Алексеевича Некрасова поныне не утратила своего обаяния, своего значения. О Некрасове Ф. М. Достоевский сказал: "Это было раненное в самом начале жизни сердце; и эта-то, никогда не зажившая рана, была началом и источником всей страстной страдальческой поэзии его на всю жизнь".
337 Примечание о системных требованиях (электронные ресурсы) __
a Примечание о системных требованиях (электронные ресурсы) Рекомендуемое оборудование: DVD-плеер или компьютер с устройством чтения DVD-ROM ; формат 16:9
517 Другие варианты заглавия 1_
a Другие варианты заглавия Отечества достойный сын
600 Персоналии _1
a Персоналии (Фамилия) Некрасов, Н. А.
c Дополнение к имени писатель русский
f Даты 1821-1877
g Полное имя Николай Алексеевич
606 Тематические рубрики __
a Основная рубрика Литературоведение
606 Тематические рубрики __
a Основная рубрика Русская литература XIX в.
610 Ключевые слова 0_
a Ключевые слова биографии
a Ключевые слова биографические материалы
a Ключевые слова биографические сведения
a Ключевые слова биографические фильмы
a Ключевые слова документально-биографические фильмы
a Ключевые слова документальные фильмы
a Ключевые слова персоналии
a Ключевые слова писатели
a Ключевые слова поэты
a Ключевые слова русские писатели
a Ключевые слова тема жизни
a Ключевые слова тема судьбы
a Ключевые слова тема человека
686 Индексы других классификаций __
2 Код системы rubbks
a Классификационный индекс 83.3(2=411.2)52-8я04
702 Вторичная интеллектуальная ответственность _1
a Фамилия Иванова
b Имя Г.
4 Код отношения Режиссер
4 Код отношения 070
4 Код отношения 690
702 Вторичная интеллектуальная ответственность _1
a Фамилия Сосенко
b Имя И.
4 Код отношения Оператор
4 Код отношения 600
702 Вторичная интеллектуальная ответственность _1
a Фамилия Макарова
b Имя И.
4 Код отношения Композитор
4 Код отношения 230
702 Вторичная интеллектуальная ответственность _1
a Фамилия Герасимова
b Имя Н.
4 Код отношения Продюсер
4 Код отношения 570
702 Вторичная интеллектуальная ответственность _1
a Фамилия Фишель
b Имя Л.
4 Код отношения Продюсер
4 Код отношения 570
801 Источник записи _0
a Страна ru
b Организация Муниципальное бюджетное учреждение культуры "Централизованная библиотечная система" г. Сургут (Центральная городская библиотека им. А. С. Пушкина)
c Дата составления 20180925
g Правила каталогизации rpk
801 Источник записи _1
a Страна ru
b Организация Муниципальное бюджетное учреждение культуры "Централизованная библиотечная система" г. Сургут (Центральная городская библиотека им. А. С. Пушкина)
c Дата составления 20180925
g Правила каталогизации rpk
852 Данные о местонахождении __
j Шифр хранения 83.3(2=411.2)52-8я04
i Авторский знак Н 48
901 Тип документа __
t Тип документа 0
a Ответственный КиК/Мамарузиева
903 Характеристики (МАРС) __
a Дата передачи 20180925
990 Данные о заказе (DOS) __
j Количество экземпляров (DOS) 1
t N записи в КСУ для И/У (DOS) 201809